[Event "Junior Online 4NCL Division 4"]
[Site "online"]
[Date "2021.09.30"]
[EventDate "2021.09.30"]
[Round "4.212"]
[White "Szajman, Benjamin"]
[WhiteElo "870"]
[WhiteTeam "Edgware Gambits J"]
[Black "Li, Emmanuelle"]
[BlackElo "961"]
[BlackTeam "Ojays F"]
[Result "0-1"]
[PlyCount "52"]

1. e4 d5 2. exd5 Qxd5 3. Nc3 Qa5 4. Nf3 Nf6 5. Bb5+ c6 6. Bd3 Bg4 7. O-O e5 8. Be4 Bb4 9. Ne2 Nxe4 10. Nxe5 Qxe5 11. c3 Be7 12. d3 Nd6 13. d4 Qh5 14. Bf4 Bxe2 15. Qe1 Bxf1 16. Qxf1 O-O 17. f3 Nf5 18. Bxb8 Raxb8 19. h3 Qh4 20. Qc4 Ne3 21. Qd3 Nd5 22. c4 Nf4 23. Qe4 Qg3 24. Kf1 Bb4 25. a3 Bd2 26. Rd1 Qxg2# 0-1

[Event "Junior Online 4NCL Division 4"]
[Site "online"]
[Date "2021.09.30"]
[EventDate "2021.09.30"]
[Round "4.213"]
[White "Gray, Anna"]
[WhiteElo "1000"]
[WhiteTeam "Ojays F"]
[Black "Radia, Kayan"]
[BlackElo "800"]
[BlackTeam "Edgware Gambits J"]
[Result "1-0"]
[PlyCount "79"]

1. e4 e5 2. Nf3 Nc6 3. d3 Nf6 4. Bg5 Bb4+ 5. Nfd2 O-O 6. Be2 d6 7. h3 Be6 8. a3 Ba5 9. O-O Qe7 10. Bg4 Bxg4 11. hxg4 Qe6 12. f4 exf4 13. Rxf4 Bxd2 14. Nxd2 Nd4 15. c3 Nb5 16. Qf3 Nd7 17. c4 Nd4 18. Qe3 Nc6 19. d4 Qe8 20. Nb3 Qd8 21. Bxd8 Raxd8 22. d5 Ncb8 23. Qh3 Nf6 24. g5 Ne8 25. Kf2 Nd7 26. Rh1 h6 27. gxh6 g6 28. h7+ Kh8 29. Qh6 b6 30. Qh4 Rb8 31. Qe7 Ng7 32. Qxd7 Rbd8 33. Qxc7 Rde8 34. Rxf7 Rxf7+ 35. Qxf7 a5 36. Qxg6 Rf8+ 37. Ke3 a4 38. Nd4 Ne8 39. Ne6 Nc7 40. Qg7# 1-0

[Event "Junior Online 4NCL Division 4"]
[Site "online"]
[Date "2021.09.30"]
[EventDate "2021.09.30"]
[Round "4.215"]
[White "Singh, Arjun"]
[WhiteElo "800"]
[WhiteTeam "Edgware Gambits J"]
[Black "Gabb, Percy"]
[BlackElo "1100"]
[BlackTeam "Ojays F"]
[Result "0-1"]
[PlyCount "50"]

1. e4 e5 2. Nc3 Nf6 3. Bc4 Bc5 4. h3 O-O 5. Nf3 d6 6. O-O Be6 7. Bxe6 fxe6 8. Ng5 Nc6 9. Nxe6 Qe8 10. Nxc7 Qc8 11. Nxa8 Qxa8 12. a3 Qe8 13. b4 Bd4 14. Bb2 Qh5 15. g4 Qxh3 16. Qf3 Qxf3 17. Rab1 Nxg4 18. Nb5 Qh3 19. Rfd1 Qh2+ 20. Kf1 Qh1+ 21. Ke2 Qxe4+ 22. Kf1 Rxf2+ 23. Kg1 Rg2+ 24. Kf1 Qf3+ 25. Ke1 Qf2# 0-1

[Event "Junior Online 4NCL Division 4"]
[Site "online"]
[Date "2021.09.30"]
[EventDate "2021.09.30"]
[Round "4.216"]
[White "Li, Emmanuelle"]
[WhiteElo "961"]
[WhiteTeam "Ojays F"]
[Black "Szajman, Benjamin"]
[BlackElo "870"]
[BlackTeam "Edgware Gambits J"]
[Result "1-0"]
[PlyCount "61"]

1. e4 e5 2. Nf3 Nc6 3. Bb5 Nf6 4. Nc3 Bb4 5. O-O Bxc3 6. dxc3 O-O 7. Bg5 d6 8. Qd3 Bg4 9. h3 Bxf3 10. Qxf3 Qe7 11. Be2 Qe6 12. Qg3 Nxe4 13. Qh4 Qf5 14. Bd3 Qxg5 15. Qxe4 f5 16. Qd5+ Rf7 17. Bc4 h6 18. Qb5 Nd4 19. Qxb7 Rf8 20. Bxf7+ Rxf7 21. cxd4 exd4 22. Qxa7 f4 23. Qxd4 f3 24. g3 c5 25. Qa4 Qe7 26. Rae1 Qb7 27. Re8+ Kh7 28. Qe4+ g6 29. Qxb7 Rxb7 30. Rfe1 Rxb2 31. R1e7# 1-0

[Event "Junior Online 4NCL Division 4"]
[Site "online"]
[Date "2021.09.30"]
[EventDate "2021.09.30"]
[Round "4.217"]
[White "Radia, Kayan"]
[WhiteElo "800"]
[WhiteTeam "Edgware Gambits J"]
[Black "Gray, Anna"]
[BlackElo "1000"]
[BlackTeam "Ojays F"]
[Result "0-1"]
[PlyCount "78"]

1. e4 e5 2. Nf3 Nc6 3. Bb5 d6 4. Nc3 Be7 5. O-O Nf6 6. d3 h6 7. Be3 Bg4 8. h3 Bh5 9. Qd2 O-O 10. Qd1 Nd4 11. Bxd4 exd4 12. Nxd4 Bxd1 13. Raxd1 c5 14. Nde2 a6 15. Ba4 b5 16. Bb3 b4 17. Na4 d5 18. exd5 Nxd5 19. c4 Nc7 20. a3 bxa3 21. bxa3 Bd6 22. Bc2 Qe7 23. d4 cxd4 24. Nxd4 Qe5 25. g3 Bc5 26. Nxc5 Qxc5 27. Bb3 f5 28. a4 Kh8 29. Rfe1 Rad8 30. Bc2 Rxd4 31. Rxd4 Qxd4 32. Bb3 f4 33. gxf4 Rxf4 34. Re8+ Nxe8 35. Kg2 Qxf2+ 36. Kh1 Qg3 37. c5 Qxh3+ 38. Kg1 Qg3+ 39. Kh1 Rh4# 0-1

[Event "Junior Online 4NCL Division 4"]
[Site "online"]
[Date "2021.09.30"]
[EventDate "2021.09.30"]
[Round "4.222"]
[White "Goldhawk, Harrison"]
[WhiteElo "959"]
[WhiteTeam "Surrey Kings 4"]
[Black "Dodhia, Reya"]
[BlackElo "700"]
[BlackTeam "Edgware Gambits L"]
[Result "1-0"]
[PlyCount "35"]

1. e4 e5 2. Nf3 Nc6 3. Nc3 f6 4. Bc4 d5 5. exd5 Nb4 6. Ne4 Bf5 7. Nc3 Bg4 8. h3 Bf5 9. Nh4 Bd7 10. Qh5+ g6 11. Nxg6 hxg6 12. Qxh8 Ne7 13. d3 Bf5 14. Bh6 Ng8 15. Qxg8 Qe7 16. Bxf8 Qd7 17. Bb5 c6 18. Bxb4# 1-0

[Event "Junior Online 4NCL Division 4"]
[Site "online"]
[Date "2021.09.30"]
[EventDate "2021.09.30"]
[Round "4.223"]
[White "Dodhia, Saavir"]
[WhiteElo "700"]
[WhiteTeam "Edgware Gambits L"]
[Black "Vaz, Bryan"]
[BlackElo "850"]
[BlackTeam "Surrey Kings 4"]
[Result "0-1"]
[PlyCount "50"]

1. e4 e5 2. Nf3 Nc6 3. Nc3 d6 4. Bc4 Nf6 5. O-O g6 6. d3 Bg7 7. Bg5 O-O 8. Nd5 h6 9. Bh4 g5 10. Bg3 Be6 11. Nd4 Nxd4 12. Nb4 Bxc4 13. dxc4 a5 14. Nd3 Nxe4 15. Qg4 Nd2 16. Rfe1 Nxc4 17. Nc1 Nxc2 18. Qxc4 Nxe1 19. Qd5 Nc2 20. Rb1 Nb4 21. Qxb7 Qf6 22. Ne2 Qf5 23. Nc3 Nxa2 24. Nxa2 Qxb1+ 25. Nc1 Qxc1# 0-1

[Event "Junior Online 4NCL Division 4"]
[Site "online"]
[Date "2021.09.30"]
[EventDate "2021.09.30"]
[Round "4.226"]
[White "Dodhia, Reya"]
[WhiteElo "700"]
[WhiteTeam "Edgware Gambits L"]
[Black "Goldhawk, Harrison"]
[BlackElo "959"]
[BlackTeam "Surrey Kings 4"]
[Result "0-1"]
[PlyCount "34"]

1. e4 e5 2. Nf3 Nc6 3. Nc3 Nf6 4. Bc4 Bc5 5. O-O O-O 6. Ng5 Ng4 7. Bxf7+ Kh8 8. Nd5 Nxf2 9. d3 Nxd1+ 10. Kh1 Ne3 11. Rf5 Nxf5 12. exf5 Rxf7 13. Nxf7+ Kg8 14. Ng5 Qe8 15. Nxc7 Qh5 16. g4 Qxg4 17. Nxa8 Qg1# 0-1

[Event "Junior Online 4NCL Division 4"]
[Site "online"]
[Date "2021.09.30"]
[EventDate "2021.09.30"]
[Round "4.227"]
[White "Vaz, Bryan"]
[WhiteElo "850"]
[WhiteTeam "Surrey Kings 4"]
[Black "Dodhia, Saavir"]
[BlackElo "700"]
[BlackTeam "Edgware Gambits L"]
[Result "1-0"]
[PlyCount "93"]

1. d4 d5 2. Nc3 Nf6 3. Bf4 Nc6 4. Nf3 Bf5 5. g3 e6 6. Bg2 Bb4 7. Qd2 O-O 8. O-O Ng4 9. a3 Ba5 10. Rfe1 Qf6 11. Bg5 Qg6 12. h3 Nh6 13. Nh4 Qh5 14. g4 Qg6 15. Nxg6 fxg6 16. Bxh6 gxh6 17. gxf5 exf5 18. Qxh6 Rf7 19. Bxd5 Nd8 20. Bxf7+ Nxf7 21. Qf4 Bb4 22. axb4 c6 23. d5 cxd5 24. Nxd5 b6 25. Nc7 Rb8 26. Ne6 Re8 27. Ng5 Nh6 28. Qc4+ Kf8 29. Nxh7+ Ke7 30. Qh4+ Kf7 31. Qxh6 Ke7 32. Qg7+ Ke6 33. Qf6+ Kd5 34. Red1+ Ke4 35. f3+ Ke3 36. Qg5+ Kxe2 37. Re1+ Kxf3 38. Rad1 f4 39. Rd3+ Re3 40. Qg4+ Ke4 41. Nf6+ Ke5 42. Rdxe3+ fxe3 43. Rxe3+ Kxf6 44. Qf4+ Kg7 45. Re7+ Kg8 46. Qf7+ Kh8 47. Qg7# 1-0

[Event "Junior Online 4NCL Division 4"]
[Site "online"]
[Date "2021.09.30"]
[EventDate "2021.09.30"]
[Round "4.242"]
[White "Brown, Adam"]
[WhiteElo "790"]
[WhiteTeam "Uxbridge D"]
[Black "Rolletta, Sofia"]
[BlackElo "1437"]
[BlackTeam "Golden Falcons Junior 1"]
[Result "1-0"]
[PlyCount "49"]

1. e4 e6 2. d4 d5 3. Bb5+ c6 4. Bd3 b6 5. e5 f6 6. f4 Bb7 7. c4 Nd7 8. Qh5+ g6 9. Qd1 Bg7 10. c5 Ne7 11. Nd2 Bh6 12. g3 O-O 13. Ne2 g5 14. O-O Qc8 15. Qc2 Ba6 16. Bxh7+ Kg7 17. h4 gxh4 18. gxh4 Nf5 19. Ne4 Bxe2 20. Qxe2 Nxd4 21. exf6+ Kxh7 22. Qh5 Nc2 23. f5 Nxa1 24. Qxh6+ Kg8 25. Qg7# 1-0

[Event "Junior Online 4NCL Division 4"]
[Site "online"]
[Date "2021.09.30"]
[EventDate "2021.09.30"]
[Round "4.243"]
[White "Rolletta, Giuseppe"]
[WhiteElo "1037"]
[WhiteTeam "Golden Falcons Junior 1"]
[Black "Vijayakumar, Mrinali"]
[BlackElo "692"]
[BlackTeam "Uxbridge D"]
[Result "0-1"]
[PlyCount "28"]

1. e4 e5 2. f3 Nc6 3. Ne2 Bc5 4. Nbc3 Nf6 5. Nb5 O-O 6. g3 d5 7. Bg2 dxe4 8. fxe4 Ng4 9. h3 Nf2 10. O-O Nxd1+ 11. Rf2 Nxf2 12. Kf1 Qf6 13. Nxc7 Nd3+ 14. Bf3 Qxf3# 0-1

[Event "Junior Online 4NCL Division 4"]
[Site "online"]
[Date "2021.09.30"]
[EventDate "2021.09.30"]
[Round "4.244"]
[White "Patange, Rashi"]
[WhiteElo "499"]
[WhiteTeam "Uxbridge D"]
[Black "Masterskikh, Luka"]
[BlackElo "794"]
[BlackTeam "Golden Falcons Junior 1"]
[Result "0-1"]
[PlyCount "58"]

1. e4 e5 2. Nf3 Nc6 3. Nc3 Nf6 4. Bc4 d6 5. Ng5 Be6 6. Bb5 h6 7. d3 hxg5 8. Bxc6+ bxc6 9. Bxg5 d5 10. exd5 cxd5 11. Qf3 Rh5 12. O-O Rxg5 13. Qe2 Bg4 14. f3 Bf5 15. d4 e4 16. fxe4 dxe4 17. Qc4 Bh3 18. Qc6+ Nd7 19. Nd5 Bxg2 20. Rfe1 Bf3+ 21. Kf1 Bg2+ 22. Kf2 g6 23. h4 Rf5+ 24. Kxg2 Bd6 25. Rxe4+ Kf8 26. Rae1 Kg7 27. Re8 Qxh4 28. Qxa8 Qg4+ 29. Kh1 Rh5# 0-1

[Event "Junior Online 4NCL Division 4"]
[Site "online"]
[Date "2021.09.30"]
[EventDate "2021.09.30"]
[Round "4.245"]
[White "Patel, Mayun"]
[WhiteElo "856"]
[WhiteTeam "Uxbridge D"]
[Black "Boikovs, Alexander"]
[BlackElo "1500"]
[BlackTeam "Golden Falcons Junior 1"]
[Result "0-1"]
[PlyCount "66"]

1. e4 e5 2. Nf3 Nc6 3. Bc4 d6 4. Nc3 Bg4 5. h3 Bxf3 6. gxf3 Nf6 7. f4 exf4 8. Qf3 Nd4 9. Qxf4 Nxc2+ 10. Kd1 Nxa1 11. Nd5 Nxd5 12. Bxd5 Qe7 13. Rg1 c6 14. Bc4 b5 15. Bxf7+ Qxf7 16. Qg5 Qxa2 17. Rg4 Qb3+ 18. Ke2 Qc4+ 19. Kd1 Qc2+ 20. Ke1 Qxc1+ 21. Ke2 Nb3 22. e5 Qxb2 23. exd6 Bxd6 24. Rf4 Bxf4 25. Qxf4 Nd4+ 26. Kd3 Rd8 27. Ke4 Qc2+ 28. Ke5 Qc5+ 29. Ke4 Qe7+ 30. Kd3 Qe2+ 31. Kc3 Qc4+ 32. Kb2 Qb3+ 33. Kc1 Qc2# 0-1

[Event "Junior Online 4NCL Division 4"]
[Site "online"]
[Date "2021.09.30"]
[EventDate "2021.09.30"]
[Round "4.246"]
[White "Rolletta, Sofia"]
[WhiteElo "1437"]
[WhiteTeam "Golden Falcons Junior 1"]
[Black "Brown, Adam"]
[BlackElo "790"]
[BlackTeam "Uxbridge D"]
[Result "0-1"]
[PlyCount "42"]

1. d4 d5 2. e3 Nc6 3. c3 e5 4. g3 Bf5 5. Bg2 e4 6. Nd2 Nge7 7. b3 Ng6 8. Bb2 Nge5 9. dxe5 Nxe5 10. f3 Nd3+ 11. Ke2 Nxb2 12. Qc2 exf3+ 13. Kxf3 Bxc2 14. Rc1 Be4+ 15. Nxe4 dxe4+ 16. Kxe4 Qd3+ 17. Ke5 Qd2 18. Nf3 Qxg2 19. Rhg1 Qxf3 20. Kd4 O-O-O+ 21. Ke5 Nd3# 0-1

[Event "Junior Online 4NCL Division 4"]
[Site "online"]
[Date "2021.09.30"]
[EventDate "2021.09.30"]
[Round "4.248"]
[White "Masterskikh, Luka"]
[WhiteElo "794"]
[WhiteTeam "Golden Falcons Junior 1"]
[Black "Patange, Rashi"]
[BlackElo "499"]
[BlackTeam "Uxbridge D"]
[Result "1-0"]
[PlyCount "25"]

1. e4 e5 2. Nf3 Nf6 3. Nc3 Nc6 4. d4 exd4 5. Nxd4 Nxd4 6. Qxd4 b6 7. Bc4 Bc5 8. Qe5+ Be7 9. Bg5 d6 10. Qd4 c5 11. Qe3 Ng4 12. Qf3 Bxg5 13. Qxf7# 1-0

[Event "Junior Online 4NCL Division 4"]
[Site "online"]
[Date "2021.09.30"]
[EventDate "2021.09.30"]
[Round "4.251"]
[White "Platt, Bella"]
[WhiteElo "751"]
[WhiteTeam "Knights of Fishponds"]
[Black "Ashcroft, Arthur"]
[BlackElo "900"]
[BlackTeam "JHJ Shark Tank 9"]
[Result "0-1"]
[PlyCount "30"]

1. e4 e5 2. Nf3 Nc6 3. Bc4 Bc5 4. Ng5 Qxg5 5. Nc3 Qxg2 6. Rf1 Qxh2 7. Qf3 Nf6 8. d3 O-O 9. Be3 Bxe3 10. Qxe3 Qf4 11. Nd5 Qxe3+ 12. Kd1 Qf3+ 13. Kc1 Nd4 14. c3 Qe2 15. Rd1 Qc2# 0-1

[Event "Junior Online 4NCL Division 4"]
[Site "online"]
[Date "2021.09.30"]
[EventDate "2021.09.30"]
[Round "4.255"]
[White "Ashcroft, Arthur"]
[WhiteElo "900"]
[WhiteTeam "JHJ Shark Tank 9"]
[Black "Platt, Bella"]
[BlackElo "751"]
[BlackTeam "Knights of Fishponds"]
[Result "1-0"]
[PlyCount "41"]

1. e4 e5 2. Nf3 Nc6 3. Bc4 Bc5 4. d3 Nf6 5. Nc3 O-O 6. Bg5 h6 7. Be3 d6 8. Bxc5 dxc5 9. O-O Ng4 10. h3 Nf6 11. Qd2 Nd4 12. Nxd4 cxd4 13. Nd5 Be6 14. Nxf6+ gxf6 15. Bxe6 fxe6 16. Qxh6 Qe8 17. c3 f5 18. cxd4 exd4 19. Qg5+ Kh8 20. Rac1 Rg8 21. Qh6# 1-0

[Event "Junior Online 4NCL Division 4"]
[Site "online"]
[Date "2021.10.14"]
[EventDate "2021.10.14"]
[Round "5.11"]
[White "Sethi, Siddharth"]
[WhiteElo "1232"]
[WhiteTeam "Chess Challengers D"]
[Black "Kulkarni, Arnav"]
[BlackElo "1033"]
[BlackTeam "Young Dragons C"]
[Result "1/2-1/2"]
[PlyCount "193"]

1. e4 e5 2. f4 exf4 3. Nf3 d5 4. e5 Be6 5. d4 c6 6. Bxf4 c5 7. c3 cxd4 8. cxd4 Nc6 9. Qb3 f6 10. Qxb7 Qc8 11. Qxc8+ Rxc8 12. Nc3 Bb4 13. Bb5 fxe5 14. Nxe5 Ne7 15. Bg5 O-O 16. Nxc6 Bxc3+ 17. bxc3 Nxc6 18. Rf1 Rxf1+ 19. Kxf1 Bd7 20. Kg1 Kf7 21. Rf1+ Ke6 22. Re1+ Kf7 23. Bxc6 Bxc6 24. Re7+ Kg6 25. Bd2 Bb5 26. Rxa7 Rc6 27. a4 Ra6 28. Rxa6+ Bxa6 29. Kf2 Kf5 30. Kf3 h5 31. h3 g5 32. g4+ hxg4+ 33. hxg4+ Kf6 34. Bc1 Bb7 35. Ba3 Ba6 36. Ke3 Bc8 37. Kd2 Bxg4 38. a5 Bc8 39. Bd6 g4 40. Ke3 Ke6 41. Be5 Kf5 42. Kf2 Ke4 43. Bd6 Kd3 44. Bb4 Kc4 45. Kg3 Kd3 46. a6 Bxa6 47. Kxg4 Kc4 48. Kf5 Bb7 49. Ke6 Ba8 50. Kd6 Bb7 51. Kc7 Ba6 52. Kc6 Bb5+ 53. Kd6 Ba4 54. Bc5 Bd1 55. Bb4 Bf3 56. Ke5 Bg2 57. Kf4 Bh1 58. Kg3 Be4 59. Kf4 Bh1 60. Ke5 Bg2 61. Kd6 Bh1 62. Kc7 Bg2 63. Kb7 Bh1 64. Ka6 Bg2 65. Ka5 Bh1 66. Ka4 Bg2 67. Ka3 Bh1 68. Kb2 Bg2 69. Kc2 Bh1 70. Kd2 Bg2 71. Ke3 Bh1 72. Kf4 Bg2 73. Kg5 Bh1 74. Kh6 Bg2 75. Kh7 Bh1 76. Kh8 Bg2 77. Kg8 Bh1 78. Kf8 Bg2 79. Ke8 Bh1 80. Kd8 Bg2 81. Kc8 Bh1 82. Kb8 Bg2 83. Ka8 Bh1 84. Ka7 Bg2 85. Ka6 Bh1 86. Ka5 Bg2 87. Ka4 Bh1 88. Ka3 Bg2 89. Ka2 Bh1 90. Ka1 Bg2 91. Kb1 Bh1 92. Kc1 Bg2 93. Kd1 Bh1 94. Ke1 Bg2 95. Kf2 Bh1 96. Kg3 Be4 97. Kh4 1/2-1/2

[Event "Junior Online 4NCL Division 4"]
[Site "online"]
[Date "2021.10.14"]
[EventDate "2021.10.14"]
[Round "5.12"]
[White "Hoccom, Sebastian"]
[WhiteElo "1040"]
[WhiteTeam "Young Dragons C"]
[Black "Aggarwal, Kian"]
[BlackElo "1288"]
[BlackTeam "Chess Challengers D"]
[Result "1-0"]
[PlyCount "121"]

1. e4 e5 2. Nf3 Nc6 3. Nc3 Nf6 4. d4 exd4 5. Nxd4 Nxd4 6. Qxd4 c5 7. Qe5+ Qe7 8. Qxe7+ Bxe7 9. e5 Ng4 10. Bf4 g5 11. Bg3 f6 12. exf6 Bxf6 13. Bc4 Ne5 14. Bxe5 Bxe5 15. Rb1 d6 16. Nd5 Kd7 17. Bb5+ Ke6 18. Nc7+ Ke7 19. Nxa8 Bf5 20. Nc7 Bxc2 21. Rc1 Be4 22. f3 Bf5 23. b3 Rc8 24. Nd5+ Ke6 25. Bc4 Kd7 26. Bb5+ Kd8 27. Ne3 Bf4 28. Nxf5 Bxc1 29. O-O Bf4 30. g3 Be5 31. Re1 Bd4+ 32. Nxd4 cxd4 33. Re8+ Kc7 34. Rxc8+ Kxc8 35. Bd3 Kc7 36. Bxh7 Kc6 37. Bd3 b5 38. a3 a5 39. h4 gxh4 40. gxh4 b4 41. a4 Kd7 42. h5 Ke8 43. h6 Kf8 44. h7 Kg7 45. f4 Kh8 46. Bg6 d5 47. Kf2 Kg7 48. Ke2 Kxg6 49. h8=Q Kf5 50. Qxd4 Kg4 51. Qxd5 Kxf4 52. Kd3 Kg4 53. Kd4 Kf4 54. Qe5+ Kf3 55. Qf5+ Ke2 56. Qd3+ Kf2 57. Ke4 Kg2 58. Kf4 Kf2 59. Qd2+ Kf1 60. Kg3 Kg1 61. Qg2# 1-0

[Event "Junior Online 4NCL Division 4"]
[Site "online"]
[Date "2021.10.14"]
[EventDate "2021.10.14"]
[Round "5.15"]
[White "Kulkarni, Arnav"]
[WhiteElo "1033"]
[WhiteTeam "Young Dragons C"]
[Black "Sethi, Siddharth"]
[BlackElo "1232"]
[BlackTeam "Chess Challengers D"]
[Result "1/2-1/2"]
[PlyCount "123"]

1. e4 e5 2. Nf3 Nc6 3. Bc4 Bc5 4. d3 h6 5. c3 Nf6 6. Nbd2 Bb6 7. O-O O-O 8. Qb3 Na5 9. Qd1 Nxc4 10. Nxc4 d6 11. Re1 Ng4 12. Nxb6 axb6 13. h3 Nf6 14. Be3 Be6 15. d4 exd4 16. Bxd4 c5 17. Bxf6 Qxf6 18. Qxd6 Ra6 19. e5 Qd8 20. Red1 Qxd6 21. Rxd6 Rfa8 22. a3 b5 23. g4 Rxd6 24. exd6 Rd8 25. Rd1 Kf8 26. Nh4 Ke8 27. Kg2 Kd7 28. Kf3 Kc6 29. Ke4 Rxd6 30. Rxd6+ Kxd6 31. Nf5+ Bxf5+ 32. Kxf5 Kd5 33. f4 Kc4 34. Ke5 Kb3 35. Kd6 c4 36. Ke7 Kxb2 37. Kxf7 Kxc3 38. Kxg7 Kd3 39. f5 c3 40. f6 c2 41. f7 c1=Q 42. f8=Q Qg5+ 43. Kh7 h5 44. Qd6+ Ke4 45. Qg6+ Qxg6+ 46. Kxg6 hxg4 47. hxg4 Kd3 48. Kf6 Kc3 49. g5 Kb3 50. g6 Kxa3 51. g7 b4 52. g8=Q b3 53. Qg3 Ka2 54. Ke5 b2 55. Qg8+ Ka1 56. Qg1+ b1=Q 57. Qa7+ Qa2 58. Qxa2+ Kxa2 59. Kd5 Kb3 60. Kc5 Ka4 61. Kb6 Kb4 62. Kxb7 1/2-1/2

[Event "Junior Online 4NCL Division 4"]
[Site "online"]
[Date "2021.10.14"]
[EventDate "2021.10.14"]
[Round "5.16"]
[White "Aggarwal, Kian"]
[WhiteElo "1288"]
[WhiteTeam "Chess Challengers D"]
[Black "Hoccom, Sebastian"]
[BlackElo "1040"]
[BlackTeam "Young Dragons C"]
[Result "1-0"]
[PlyCount "55"]

1. e4 e5 2. Nf3 Nc6 3. Bc4 h6 4. Nc3 Nf6 5. d4 exd4 6. Nxd4 Nxd4 7. Qxd4 c5 8. Qd3 Be7 9. e5 Ng4 10. Qf5 Nf6 11. exf6 Bxf6 12. Ne4 Qe7 13. Bf4 Bxb2 14. Rb1 Ba3 15. Bxf7+ Qxf7 16. Nd6+ Kd8 17. Nxf7+ Ke8 18. Nd6+ Kd8 19. Rb3 Bb4+ 20. c3 Bxc3+ 21. Rxc3 b6 22. Nb5 Re8+ 23. Re3 Rxe3+ 24. fxe3 Ba6 25. Bc7+ Kc8 26. Qf8+ Kb7 27. Qf3+ Kc8 28. Qxa8# 1-0

[Event "Junior Online 4NCL Division 4"]
[Site "online"]
[Date "2021.10.14"]
[EventDate "2021.10.14"]
[Round "5.21"]
[White "Qiu, Calvin"]
[WhiteElo "1228"]
[WhiteTeam "Muswell Hill Knights"]
[Black "Srinivasan, Raghav"]
[BlackElo "1271"]
[BlackTeam "Chess Challengers B"]
[Result "0-1"]
[PlyCount "70"]

1. e4 d5 2. exd5 Qxd5 3. Nc3 Qd8 4. Bc4 Nc6 5. Nf3 Bf5 6. d3 Nf6 7. Be3 e6 8. O-O Be7 9. Qe2 O-O 10. h3 Qd7 11. Bf4 Bd6 12. Bg5 Qe7 13. Bh4 h6 14. Bxf6 Qxf6 15. Ne4 Bxe4 16. Qxe4 Ne5 17. Nxe5 Qxe5 18. Qxe5 Bxe5 19. c3 Bf6 20. Rfe1 Rad8 21. d4 Rd6 22. Rad1 Rfd8 23. Be2 e5 24. dxe5 Bxe5 25. Rxd6 Rxd6 26. Bf3 Bf6 27. Bxb7 Rb6 28. Re8+ Kh7 29. Be4+ g6 30. Rf8 Kg7 31. Ra8 Rxb2 32. Rxa7 Bxc3 33. Rxc7 Be5 34. Bd5 Bxc7 35. a4 Rb1# 0-1

[Event "Junior Online 4NCL Division 4"]
[Site "online"]
[Date "2021.10.14"]
[EventDate "2021.10.14"]
[Round "5.22"]
[White "Sridharan, Rithvik"]
[WhiteElo "1316"]
[WhiteTeam "Chess Challengers B"]
[Black "Shetty, Ahan"]
[BlackElo "1116"]
[BlackTeam "Muswell Hill Knights"]
[Result "1-0"]
[PlyCount "127"]

1. e4 d5 2. exd5 Qxd5 3. Nc3 Qa5 4. d4 e6 5. Nf3 Nf6 6. Bd2 c6 7. Ne4 Qd8 8. Nxf6+ Qxf6 9. Bc3 Qd8 10. Bc4 Be7 11. O-O O-O 12. Ne5 Nd7 13. Nxd7 Bxd7 14. Qf3 Bd6 15. Bb3 Qc7 16. Qh3 e5 17. Qh4 exd4 18. Bxd4 Be5 19. Bxe5 Qxe5 20. c3 Qf5 21. Rfc1 c5 22. Bc2 g5 23. Bxf5 gxh4 24. Bxd7 Kh8 25. Re1 Rg8 26. Re7 Raf8 27. Rae1 h5 28. Re8 h3 29. Rxf8 Rxf8 30. gxh3 Rg8+ 31. Kh1 Kg7 32. Rg1+ Kf8 33. Rxg8+ Kxg8 34. Bc8 b6 35. Ba6 Kg7 36. Kg2 Kf6 37. Bd3 Kg5 38. Bc4 f6 39. Bf7 f5 40. Kg3 a6 41. f4+ Kh6 42. Kh4 b5 43. Bxh5 a5 44. Be8 b4 45. cxb4 axb4 46. a3 bxa3 47. bxa3 c4 48. Ba4 c3 49. Bc2 Kg6 50. a4 Kf6 51. a5 Ke6 52. a6 Kd6 53. a7 Kd5 54. a8=Q+ Kd4 55. Qa4+ Ke3 56. Qc4 Kd2 57. Qd3+ Kc1 58. Qxf5 Kb2 59. Qd3 Kc1 60. f5 Kb2 61. f6 Kc1 62. f7 Kb2 63. f8=Q Kc1 64. Qa3# 1-0

[Event "Junior Online 4NCL Division 4"]
[Site "online"]
[Date "2021.10.14"]
[EventDate "2021.10.14"]
[Round "5.23"]
[White "Marks, Rory"]
[WhiteElo "1059"]
[WhiteTeam "Muswell Hill Knights"]
[Black "Sharavana, Harshith"]
[BlackElo "1236"]
[BlackTeam "Chess Challengers B"]
[Result "0-1"]
[PlyCount "52"]

1. e4 e5 2. Nf3 Nf6 3. Nxe5 Nc6 4. Nxc6 dxc6 5. h3 Bc5 6. Nc3 Qd6 7. Qe2 Qe5 8. d3 Be6 9. f4 Qd4 10. f5 Bd7 11. e5 Nd5 12. e6 fxe6 13. Nxd5 cxd5 14. fxe6 Bc8 15. c3 Qh4+ 16. Kd1 d4 17. c4 O-O 18. Bd2 Re8 19. b4 Bf8 20. Qf3 Bxe6 21. Qxb7 Bg4+ 22. Kc2 Rab8 23. Qxc7 Bxb4 24. Qxa7 Bxd2 25. Kxd2 Qf2+ 26. Kc1 Re1# 0-1

[Event "Junior Online 4NCL Division 4"]
[Site "online"]
[Date "2021.10.14"]
[EventDate "2021.10.14"]
[Round "5.24"]
[White "Bhatia, Jai"]
[WhiteElo "1233"]
[WhiteTeam "Chess Challengers B"]
[Black "Gelmini, Leonardo"]
[BlackElo "952"]
[BlackTeam "Muswell Hill Knights"]
[Result "1/2-1/2"]
[PlyCount "78"]

1. e4 c5 2. Nf3 g6 3. Nc3 Bg7 4. Bd3 Nc6 5. a3 d6 6. Bb5 Bd7 7. b4 cxb4 8. axb4 a6 9. Bxc6 Bxc6 10. b5 Bxc3 11. dxc3 Bxb5 12. Nd4 Bd7 13. Nf3 Qc7 14. Be3 Qxc3+ 15. Bd2 Qc6 16. O-O Qxe4 17. Re1 Qc6 18. Nd4 Qb6 19. Be3 Qc7 20. Qe2 Nf6 21. Bg5 O-O-O 22. Qd2 e5 23. Bxf6 exd4 24. Bxh8 Rxh8 25. Qxd4 Rd8 26. Ra3 Bc6 27. Rh3 f5 28. Qa7 Qa5 29. Qa8+ Kc7 30. Rxh7+ Kb6 31. Rb1+ Kc5 32. Qa7+ b6 33. Qg7 Re8 34. h3 Re1+ 35. Rxe1 Qxe1+ 36. Kh2 Qxf2 37. Qxg6 Qf4+ 38. Kg1 Qc1+ 39. Kh2 Qf4+ 1/2-1/2

[Event "Junior Online 4NCL Division 4"]
[Site "online"]
[Date "2021.10.14"]
[EventDate "2021.10.14"]
[Round "5.25"]
[White "Srinivasan, Raghav"]
[WhiteElo "1271"]
[WhiteTeam "Chess Challengers B"]
[Black "Qiu, Calvin"]
[BlackElo "1228"]
[BlackTeam "Muswell Hill Knights"]
[Result "0-1"]
[PlyCount "42"]

1. e4 e6 2. Nf3 d5 3. exd5 exd5 4. d4 Nf6 5. Nc3 Bf5 6. Bf4 Nbd7 7. Nb5 Bb4+ 8. c3 Ba5 9. b4 Bb6 10. a4 a6 11. Na3 Qe7+ 12. Qe2 Be6 13. a5 Ba7 14. Bxc7 Rc8 15. Be5 Rxc3 16. Qd2 Qxb4 17. Nc2 Qb2 18. Rc1 Nxe5 19. dxe5 Ne4 20. Qd1 Bxf2+ 21. Ke2 Re3# 0-1

[Event "Junior Online 4NCL Division 4"]
[Site "online"]
[Date "2021.10.14"]
[EventDate "2021.10.14"]
[Round "5.26"]
[White "Shetty, Ahan"]
[WhiteElo "1116"]
[WhiteTeam "Muswell Hill Knights"]
[Black "Sridharan, Rithvik"]
[BlackElo "1316"]
[BlackTeam "Chess Challengers B"]
[Result "1-0"]
[PlyCount "149"]

1. d4 Nf6 2. c4 g6 3. Nc3 Bg7 4. Nf3 c6 5. e3 d5 6. Qb3 O-O 7. Be2 Na6 8. cxd5 cxd5 9. Bxa6 bxa6 10. O-O Be6 11. Qa4 Qd6 12. b3 Rac8 13. Ne2 Qc6 14. Qa3 Bg4 15. Ne5 Qd6 16. Nxg4 Nxg4 17. g3 Qxa3 18. Bxa3 Rfe8 19. Nf4 e6 20. Rfc1 Rxc1+ 21. Rxc1 e5 22. dxe5 Nxe5 23. Nxd5 Nf3+ 24. Kg2 Ne5 25. Nc7 Rb8 26. Nxa6 Re8 27. Nc7 Rc8 28. Nb5 Rxc1 29. Bxc1 a6 30. Nc7 a5 31. Bb2 Nc6 32. Bxg7 Kxg7 33. Kf3 Kf6 34. Ke4 Nb4 35. a3 Nc2 36. Nd5+ Ke6 37. Nf4+ Kf6 38. Nd5+ Ke6 39. Nc7+ Kd7 40. Nb5 Kc6 41. Na7+ Kb6 42. Nc8+ Kc7 43. Ne7 Nxa3 44. Nd5+ Kd6 45. Nb6 Nb5 46. Nc4+ Kc5 47. Nxa5 Kb4 48. Nc6+ Kxb3 49. Nd8 f5+ 50. Kf4 Nd6 51. Ne6 Kc3 52. Nf8 h6 53. Nxg6 Kd3 54. Nh4 Ke2 55. Nxf5 Nf7 56. e4 Kxf2 57. e5 Nxe5 58. Kxe5 h5 59. Kf4 Kg2 60. h4 Kh3 61. Ng7 Kg2 62. Nxh5 Kf2 63. g4 Kg2 64. g5 Kh3 65. g6 Kxh4 66. g7 Kh3 67. g8=Q Kh2 68. Qg3+ Kh1 69. Qh3+ Kg1 70. Qg3+ Kh1 71. Qf3+ Kg1 72. Qd1+ Kh2 73. Qe2+ Kg1 74. Kg3 Kh1 75. Qg2# 1-0